Normal view
MARC view
- The M.I.T. introductory physics series.
Entry Uniform Title
001 - CONTROL NUMBER
- control field: 8906
003 - CONTROL NUMBER IDENTIFIER
- control field: NUST
005 - DATE AND TIME OF LATEST TRANSACTION
- control field: 20180118161536.0
008 - FIXED-LENGTH DATA ELEMENTS
- fixed length control field: 180118|| aca||aabn | a|a d
040 ## - CATALOGING SOURCE
- Original cataloging agency: NUST
- Transcribing agency: NUST
130 ## - HEADING--UNIFORM TITLE
- Uniform title: The M.I.T. introductory physics series.
670 ## - SOURCE DATA FOUND
- Source citation: Work cat.: (NUST)29146: French, A.P. 8905, Newtonian mechanics /, 2003.
